000 00665nam a22002537a 4500
003 UA-OsUOA
001 28437
007 ta
008 20050324b un ||||| |||| 00| 0 ukr d
100 _aКораблин М. А.
090 _a004.832.2:658.5
_bК66
942 _cBK
040 _aUA-OsUOA
_brus
_cUA-OsUOA
_dUA-OsUOA
245 _aИнформатика поиска управленческих решений
300 _a192 с.
_bІлюстрації
955 _a0
041 _arus
080 _a004.832.2:658.5
020 _a5-98003-082-4
260 _aМ.
_bСОЛОН-Пресс
_c2003
044 _aRU
650 7 _2UDC
999 _c314804
_d314804